Romances histórico-tradicionales de Córdoba / (Record no. 123876)

MARC details
000 -LEADER
campo de control de longitud fija 00475nam a2200145 4500
001 - NÚMERO DE CONTROL
campo de control 123876
003 - IDENTIFICADOR DE NÚMERO DE CONTROL
campo de control ES-MaACL
007 - CAMPO FIJO DE DESCRIPCIÓN FÍSICA--INFORMACIÓN GENERAL
campo de control de longitud fija t|
008 - DATOS DE LONGITUD FIJA--INFORMACIÓN GENERAL
campo de control de longitud fija 070214s1902 sp r ||||1| spa d
100 1# - ENTRADA PRINCIPAL--NOMBRE DE PERSONA
Nombre de persona Ramírez de Arellano, Teodomiro.
9 (RLIN) 95132
245 10 - MENCIÓN DEL TÍTULO
Título Romances histórico-tradicionales de Córdoba /
Mención de responsabilidad, etc. por Don Teodomiro Ramírez de Arellano.
260 ## - PUBLICACIÓN, DISTRIBUCIÓN, ETC.
Lugar de publicación, distribución, etc. Córdoba :
Nombre del editor, distribuidor, etc. [s. n.],
Fecha de publicación, distribución, etc. 1902 (
Fabricante Imp. y Papelería Catalana)
300 ## - DESCRIPCIÓN FÍSICA
Extensión 569 p. ;
Dimensiones 23 x 17 cm.
852 ## - LOCALIZACIÓN
Ubicación ES-MaACL
Número de control de estantería G-3621
Holdings
Estatus retirado Estado de pérdida Estado de daño No para préstamo Biblioteca de origen Biblioteca actual Ubicación en estantería Fecha de adquisición Fuente de adquisición Total de préstamos Signatura topográfica completa Código de barras Visto por última vez Precio de reemplazo Tipo de ítem Koha
        Biblioteca del Ateneo de Madrid Biblioteca del Ateneo de Madrid Depósito 2 17/01/2008     G-3621 1129061 23/02/2023 23/02/2023 Libro impreso